[Event "World Rapid Team 2023"]
[Site "Dusseldorf GER"]
[Date "2023.08.28"]
[Round "10.10"]
[Board "1"]
[White "Krastev, Alexander"]
[Black "Bologan, Victor"]
[Result "1-0"]
[WhiteTitle "IM"]
[BlackTitle "GM"]
[WhiteElo "2411"]
[BlackElo "2574"]
[WhiteTeam "Schachverein Hemer"]
[BlackTeam "FIDE Management Board"]
[WhiteFideId "12989983"]
[BlackFideId "13900048"]
[EventDate "2023.08.26"]

1. e4 g6 2. d4 Bg7 3. Nf3 d6 4. Bc4 c6 5. Qe2 Nf6 6. e5 Nd5 7. O-O O-O 8. h3 h6
9. Nc3 Be6 10. Ne4 b5 11. Bb3 a5 12. a4 b4 13. Rb1 Qc7 14. c4 bxc3 15. bxc3 Bf5
16. Bd2 dxe5 17. Nxe5 Bxe5 18. dxe5 Qxe5 19. Rfe1 Nd7 20. Qf3 Qg7 21. c4 Nb4 22.
Bc3 f6 23. c5+ Kh7 24. Qe3 Bxe4 25. Qxe4 Nxc5 26. Qxe7 Nxb3 27. Rxb3 Nd5 28. Qc5
Qd7 29. Reb1 Rfc8 30. Bxa5 Ra7 31. Bd2 Rxa4 32. Rb7 Rc7 33. Rb8 Qe7 34. Qc2 Re4
35. Ba5 Rd7 36. Qxc6 Qe6 37. Qc8 g5 38. Qh8+ Kg6 39. Rg8+ Kh5 40. Kf1 f5 41. Qb2
Qa6+ 42. Qb5 Qxb5+ 43. Rxb5 Nc3 44. g4+ fxg4 45. hxg4+ Rxg4 46. Bxc3 Rc4 47. Be5
Rf7 48. Bg3 Rc6 49. Rb4 Rg6 50. Ra8 Re6 51. Kg2 Kg6 52. Rb5 Rc6 53. Rg8+ Rg7 54.
Rd8 Rf7 55. Be5 Rf5 56. Rdd5 h5 57. Bd4 Rxd5 58. Rxd5 Rc4 59. Be3 Rg4+ 60. Kf1
h4 61. f3 Rg3 62. Kf2 Kf6 63. Rc5 g4 64. f4 Rf3+ 65. Ke2 h3 66. Rh5 Kg6 67. Rg5+ 1-0

[Event "World Rapid Team 2023"]
[Site "Dusseldorf GER"]
[Date "2023.08.28"]
[Round "10.10"]
[Board "2"]
[White "Short, Nigel D"]
[Black "Bagrationi, Alexander"]
[Result "1-0"]
[WhiteTitle "GM"]
[BlackTitle "GM"]
[WhiteElo "2592"]
[BlackElo "2440"]
[WhiteTeam "FIDE Management Board"]
[BlackTeam "Schachverein Hemer"]
[WhiteFideId "400025"]
[BlackFideId "14104954"]
[EventDate "2023.08.26"]

1. e4 e5 2. Nf3 Nf6 3. Nxe5 d6 4. Nf3 Nxe4 5. Bd3 Nc5 6. Be2 d5 7. d4 Ne4 8. O-O
Be7 9. c4 Nc6 10. cxd5 Qxd5 11. Nc3 Nxc3 12. bxc3 Bf5 13. c4 Qe4 14. d5 O-O-O
15. Be3 Nb4 16. Nd4 Bg6 17. Qa4 a6 18. Rfd1 Bd6 19. Rac1 Qe8 20. Qb3 c5 21. dxc6
Nxc6 22. Bg4+ Kb8 23. Qb6 Nxd4 24. Rxd4 Bc7 25. Rxd8+ Bxd8 26. Qa7+ Kc7 27. Qc5+
Qc6 28. Bf4# 1-0

[Event "World Rapid Team 2023"]
[Site "Dusseldorf GER"]
[Date "2023.08.28"]
[Round "10.10"]
[Board "3"]
[White "Voicu-Jagodzinsky, Carmen"]
[Black "Al-Mudahka, Mohd"]
[Result "0-1"]
[WhiteTitle "WGM"]
[BlackTitle "GM"]
[WhiteElo "2264"]
[BlackElo "2542"]
[WhiteTeam "Schachverein Hemer"]
[BlackTeam "FIDE Management Board"]
[WhiteFideId "1206729"]
[BlackFideId "12100030"]
[EventDate "2023.08.26"]

1. e4 c5 2. Nc3 Nc6 3. f4 g6 4. Nf3 Bg7 5. Bb5 Nd4 6. O-O Nxb5 7. Nxb5 d5 8. e5
d4 9. a4 a6 10. Na3 b5 11. d3 Nh6 12. Bd2 Rb8 13. axb5 axb5 14. Qe2 O-O 15. Ng5
f6 16. Ne4 Qd5 17. c4 dxc3 18. bxc3 Bg4 19. Qe1 b4 20. c4 Qd8 21. Nb5 Qxd3 22.
exf6 exf6 23. Ned6 Nf7 24. Ra6 Nxd6 25. Nxd6 Rbd8 26. Qe7 Rd7 27. Qe3 Rxd6 0-1

[Event "World Rapid Team 2023"]
[Site "Dusseldorf GER"]
[Date "2023.08.28"]
[Round "10.10"]
[Board "4"]
[White "Iashvili, Akaki"]
[Black "Runte, Moritz"]
[Result "1/2-1/2"]
[WhiteTitle "IM"]
[WhiteElo "2342"]
[BlackElo "2185"]
[WhiteTeam "FIDE Management Board"]
[BlackTeam "Schachverein Hemer"]
[WhiteFideId "13600281"]
[BlackFideId "12991449"]
[EventDate "2023.08.26"]

1. d4 d5 2. c4 c6 3. Nf3 Nf6 4. Nc3 e6 5. Bg5 Nbd7 6. e3 Qa5 7. Nd2 dxc4 8. Bxf6
Nxf6 9. Nxc4 Qd8 10. g3 Be7 11. Bg2 O-O 12. O-O Qc7 13. Rc1 Rd8 14. Qe2 Nd5 15.
Rfd1 Bd7 16. e4 Nxc3 17. Rxc3 b5 18. Ne3 Qa5 19. a3 b4 20. axb4 Bxb4 21. Rc2 c5
22. Nc4 Qa6 23. d5 Bb5 24. b3 exd5 25. exd5 Re8 26. Qg4 Rad8 27. h4 Qg6 28. Qxg6
hxg6 29. Bf3 a5 30. Ra1 Re1+ 31. Rxe1 Bxe1 32. Ne5 Bb4 33. Nc6 Rd6 34. Nxb4 cxb4
35. Rc8+ Kh7 36. Ra8 a4 37. bxa4 Bc4 38. Rb8 Bxd5 39. Bxd5 Rxd5 40. Rxb4 Rd1+
41. Kg2 Ra1 42. Kf3 Ra2 43. Ke3 Kh6 44. g4 g5 45. h5 g6 46. hxg6 Kxg6 47. f4
Ra3+ 48. Ke4 gxf4 49. Kxf4 f6 50. Ke4 Kg5 51. Kd5 Rc3 52. a5 Ra3 53. Rb5 Kxg4
54. Kc6 f5 55. Kb6 f4 1/2-1/2

[Event "World Rapid Team 2023"]
[Site "Dusseldorf GER"]
[Date "2023.08.28"]
[Round "10.10"]
[Board "5"]
[White "Besou, Hussain"]
[Black "Reizniece-Ozola, Dana"]
[Result "1-0"]
[WhiteTitle "FM"]
[BlackTitle "WGM"]
[WhiteElo "2364"]
[BlackElo "2268"]
[WhiteTeam "Schachverein Hemer"]
[BlackTeam "FIDE Management Board"]
[WhiteFideId "16269950"]
[BlackFideId "11601124"]
[EventDate "2023.08.26"]

1. e4 d6 2. d4 g6 3. c4 Bg7 4. Nc3 Nf6 5. h3 O-O 6. Be3 Nbd7 7. Nf3 c5 8. d5 a6
9. a4 Rb8 10. Bd3 Nb6 11. O-O Na8 12. e5 Ne8 13. Bf4 Nac7 14. Re1 b5 15. axb5
axb5 16. cxb5 Bd7 17. Qe2 Qc8 18. Ra7 Rb7 19. Ra5 Qb8 20. Bc4 Ra7 21. Rea1 Rxa5
22. Rxa5 Qb6 23. Ra1 Qb7 24. Bg3 f5 25. Bh4 e6 26. Rd1 dxe5 27. Nxe5 Bxe5 28.
Qxe5 Nxb5 29. dxe6 Bc6 30. e7+ Rf7 31. Qe6 Nbd6 32. Rxd6 Nxd6 33. Qxd6 Be8 34.
Qd8 Qd7 35. Bb5 1-0

[Event "World Rapid Team 2023"]
[Site "Dusseldorf GER"]
[Date "2023.08.28"]
[Round "10.10"]
[Board "6"]
[White "Ozols, Andris"]
[Black "Xue, Luka"]
[Result "0-1"]
[WhiteElo "1490"]
[BlackElo "1925"]
[WhiteTeam "FIDE Management Board"]
[BlackTeam "Schachverein Hemer"]
[WhiteFideId "11605456"]
[BlackFideId "16277252"]
[EventDate "2023.08.26"]

1. e4 e6 2. d4 d5 3. Nc3 Nf6 4. e5 Nfd7 5. f4 c5 6. Nf3 Nc6 7. Be3 Qb6 8. Na4
Qa5+ 9. c3 cxd4 10. b4 Qc7 11. Nxd4 Nxd4 12. Bxd4 a6 13. Bd3 b5 14. Nb2 Nb6 15.
O-O g6 16. a4 Nc4 17. Nxc4 bxc4 18. Bc2 Bd7 19. a5 Be7 20. f5 gxf5 21. Bxf5 exf5
22. e6 Rg8 23. exd7+ Qxd7 24. Qf3 Rg5 25. Rad1 O-O-O 26. Bb6 Rdg8 27. g3 f4 28.
Qxf4 Bd6 29. Qxf7 Qh3 30. Rf3 Bxg3 31. Rxg3 Rxg3+ 32. hxg3 Rxg3+ 33. Kf2 Qg2+
34. Ke1 Qe4+ 35. Kf2 Rg2+ 36. Kf1 Qe2# 0-1

[Event "World Rapid Team 2023"]
[Site "Dusseldorf GER"]
[Date "2023.08.28"]
[Round "10.11"]
[Board "1"]
[White "Namale, Ben Nguku"]
[Black "Rendle, Thomas E"]
[Result "0-1"]
[WhiteTitle "CM"]
[BlackTitle "IM"]
[WhiteElo "1967"]
[BlackElo "2385"]
[WhiteTeam "Kenya Commercial Bank Chess Club"]
[BlackTeam "The Sharks"]
[WhiteFideId "10800263"]
[BlackFideId "408760"]
[EventDate "2023.08.26"]

1. d4 d5 2. Bf4 c5 3. e3 Nc6 4. Nf3 Nf6 5. Nc3 Bg4 6. Be2 cxd4 7. exd4 e6 8. a3
Bxf3 9. Bxf3 Qb6 10. Ne2 Be7 11. O-O O-O 12. Qd3 Rfd8 13. g4 Ne4 14. c4 Bf6 15.
c5 Qa6 16. Qxa6 bxa6 17. Rfd1 e5 18. dxe5 Nxe5 19. Bxe4 dxe4 20. Bxe5 Bxe5 21.
Nc3 f6 22. Nxe4 Bxb2 23. Rxd8+ Rxd8 24. Ra2 Be5 25. Rd2 Rxd2 26. Nxd2 Kf7 27.
Nc4 Ke6 28. c6 Bc7 29. Ne3 g6 30. h4 Kd6 31. Kf1 Kxc6 32. Ke2 Kb5 33. Kd3 Bb6
34. f4 Bxe3 35. Kxe3 Ka4 36. f5 gxf5 37. g5 fxg5 38. hxg5 Kxa3 39. Kf4 Kb4 40.
Kxf5 a5 41. Kf6 a4 42. Kg7 a3 43. Kxh7 a2 44. g6 a1=Q 0-1

[Event "World Rapid Team 2023"]
[Site "Dusseldorf GER"]
[Date "2023.08.28"]
[Round "10.11"]
[Board "2"]
[White "Roberson, Peter T"]
[Black "Magana, Ben"]
[Result "1-0"]
[WhiteTitle "IM"]
[BlackTitle "CM"]
[WhiteElo "2433"]
[BlackElo "2020"]
[WhiteTeam "The Sharks"]
[BlackTeam "Kenya Commercial Bank Chess Club"]
[WhiteFideId "412384"]
[BlackFideId "10800166"]
[EventDate "2023.08.26"]

1. e4 e5 2. Nf3 Nc6 3. Bb5 a6 4. Ba4 Nf6 5. O-O Be7 6. d3 b5 7. Bb3 O-O 8. Nc3
d6 9. a3 Be6 10. Nd5 Bxd5 11. exd5 Na5 12. Ba2 c5 13. dxc6 Nxc6 14. Re1 Rc8 15.
c3 a5 16. Bg5 b4 17. axb4 axb4 18. d4 bxc3 19. bxc3 h6 20. Bh4 exd4 21. Nxd4
Nxd4 22. Qxd4 Nd5 23. Bxe7 Nxe7 24. Rad1 Nf5 25. Qf4 Qg5 26. Qf3 Nh4 27. Qg3 Qf6
28. Rxd6 Qxc3 29. Qxc3 Rxc3 30. Rd7 Rc2 31. Bd5 Rc5 32. h3 Ng6 33. g3 Rb5 1-0

[Event "World Rapid Team 2023"]
[Site "Dusseldorf GER"]
[Date "2023.08.28"]
[Round "10.11"]
[Board "3"]
[White "Methu, Joseph Muragu"]
[Black "Bremner, Adam"]
[Result "1-0"]
[BlackTitle "CM"]
[WhiteElo "1989"]
[BlackElo "2176"]
[WhiteTeam "Kenya Commercial Bank Chess Club"]
[BlackTeam "The Sharks"]
[WhiteFideId "10804714"]
[BlackFideId "2400847"]
[EventDate "2023.08.26"]

1. d4 d5 2. c4 e6 3. Nc3 a6 4. cxd5 exd5 5. Nf3 c6 6. Bf4 Bd6 7. Bxd6 Qxd6 8. e3
Nf6 9. Bd3 Bg4 10. Qc2 Nbd7 11. Ne2 Bxf3 12. gxf3 Qb4+ 13. Kf1 Rc8 14. a3 Qd6
15. b4 b5 16. Ng3 g6 17. a4 Nb6 18. Qc5 Qxc5 19. bxc5 Nc4 20. axb5 axb5 21. Ra6
Kd7 22. Ke2 Rc7 23. e4 Rb8 24. Rb1 h5 25. Nf1 Re8 26. e5 Nh7 27. f4 Nf8 28. f5
gxf5 29. Bxf5+ Ne6 30. h4 Ke7 31. Bxe6 Kxe6 32. Rxb5 Kf5 33. Ng3+ Kg4 34. Rb1 f6
35. Rg1 fxe5 36. f3+ Kh3 37. Kf2 Kxh4 38. Nf5+ Kh3 39. Raa1 Nb2 40. Rh1# 1-0

[Event "World Rapid Team 2023"]
[Site "Dusseldorf GER"]
[Date "2023.08.28"]
[Round "10.11"]
[Board "4"]
[White "Purton, Ben J"]
[Black "Njoroge, Martin"]
[Result "1-0"]
[WhiteElo "2163"]
[BlackElo "1870"]
[WhiteTeam "The Sharks"]
[BlackTeam "Kenya Commercial Bank Chess Club"]
[WhiteFideId "411132"]
[BlackFideId "10801952"]
[EventDate "2023.08.26"]

1. e4 c5 2. Nf3 a6 3. c3 d5 4. exd5 Qxd5 5. Na3 Nf6 6. Nc4 Nbd7 7. d4 e6 8. a4
Be7 9. Ne3 Qc6 10. Ne5 Nxe5 11. dxe5 Nd7 12. Qg4 O-O 13. f4 Rd8 14. Be2 Rb8 15.
Bf3 Qc7 16. a5 b5 17. axb6 Nxb6 18. O-O Nd5 19. Nxd5 exd5 20. f5 g6 21. e6 Bd6
22. Qg5 Qe7 23. exf7+ Kf8 24. Qh6+ Kxf7 25. fxg6+ hxg6 26. Bxd5+ Ke8 27. Bc6+
Rd7 28. Qh8+ Qf8 29. Rxf8+ Bxf8 30. Bh6 1-0

[Event "World Rapid Team 2023"]
[Site "Dusseldorf GER"]
[Date "2023.08.28"]
[Round "10.11"]
[Board "5"]
[White "Oluka Robert Mcligeyo"]
[Black "Ivanov, Elizabeth"]
[Result "1/2-1/2"]
[WhiteElo "2009"]
[BlackElo "1601"]
[WhiteTeam "Kenya Commercial Bank Chess Club"]
[BlackTeam "The Sharks"]
[WhiteFideId "10814647"]
[BlackFideId "427284"]
[EventDate "2023.08.26"]

1. Nf3 Nc6 2. d4 d5 3. c4 e6 4. Nc3 Bb4 5. Bf4 Nf6 6. e3 Ne4 7. Rc1 O-O 8. Bd3
Nxc3 9. bxc3 Bd6 10. Bg3 b6 11. O-O f6 12. Qc2 f5 13. Ne5 Bxe5 14. dxe5 Na5 15.
cxd5 exd5 16. c4 c5 17. cxd5 Qxd5 18. e4 Qf7 19. f4 Be6 20. exf5 Bxf5 21. Rfd1
Bxd3 22. Rxd3 Nc6 23. a3 Nd4 24. Qd1 Qf5 25. Bf2 Qxf4 26. Bxd4 cxd4 27. Rxd4
Qf2+ 28. Kh1 Rac8 29. Rxc8 Rxc8 30. Rd8+ Rxd8 31. Qxd8+ Kf7 32. Qd5+ Kf8 33.
Qd6+ Kf7 34. e6+ Kg6 35. h3 Qe1+ 36. Kh2 h5 37. Qd5 h4 38. Qd6 Qe4 39. Qd7 Qe5+ 1/2-1/2

[Event "World Rapid Team 2023"]
[Site "Dusseldorf GER"]
[Date "2023.08.28"]
[Round "10.12"]
[Board "1"]
[White "Adly, Ahmed"]
[Black "Elier, Ali"]
[Result "0-1"]
[WhiteTitle "GM"]
[WhiteElo "2596"]
[BlackElo "2187"]
[WhiteTeam "Africa"]
[BlackTeam "Wensing & Poebel"]
[WhiteFideId "10601619"]
[BlackFideId "16217543"]
[EventDate "2023.08.26"]

1. d4 d5 2. Nf3 Nf6 3. g3 e6 4. Bg2 Be7 5. O-O O-O 6. c4 dxc4 7. Qc2 a6 8. a4
Bd7 9. Qxc4 Bc6 10. Nc3 a5 11. Bg5 Ne4 12. Bxe7 Qxe7 13. Ne5 Nd2 14. Nxc6 Nxc6
15. Qb5 Nxf1 16. Qxb7 Nxd4 17. Rxf1 Rab8 18. Qa7 Qb4 19. e3 Nf5 20. Qxc7 Rfc8
21. Qa7 Qxb2 22. Nb5 Qb4 23. Ra1 h5 24. h4 Rd8 25. Bh3 Rbc8 26. Bxf5 exf5 27.
Nd4 Qd2 28. Kg2 Rd6 29. Qb7 Re8 30. Nxf5 Rf6 31. Qb5 Rxe3 32. Rf1 Re2 33. Qc5 g6
34. Ne7+ Kg7 35. Nc6 Qd3 36. Kg1 Rc2 37. Qd4 Qxd4 38. Nxd4 Rc4 39. Ne2 Rxa4 40.
Rc1 Ra2 41. Nf4 Rd6 42. Rc7 a4 43. Ra7 Rdd2 44. Nh3 a3 45. Kg2 Rdc2 46. Kf3 Rc3+
47. Kg2 Rb2 48. Ng5 a2 49. Rxf7+ Kg8 50. Ra7 Rc1 51. Ra8+ Kg7 52. Ra7+ Kf6 53.
Ra6+ Ke7 54. Ra7+ Kd6 55. Ra6+ Kc7 0-1

[Event "World Rapid Team 2023"]
[Site "Dusseldorf GER"]
[Date "2023.08.28"]
[Round "10.12"]
[Board "2"]
[White "Wensing, Maximilian"]
[Black "Bellahcene, Bilel"]
[Result "0-1"]
[BlackTitle "GM"]
[WhiteElo "2171"]
[BlackElo "2515"]
[WhiteTeam "Wensing & Poebel"]
[BlackTeam "Africa"]
[WhiteFideId "16222415"]
[BlackFideId "696358"]
[EventDate "2023.08.26"]

1. c4 e6 2. g3 Nf6 3. Bg2 d5 4. Nf3 dxc4 5. Qa4+ c6 6. Qxc4 b5 7. Qb3 Bb7 8. O-O
Nbd7 9. d4 a6 10. Rd1 c5 11. dxc5 Bxc5 12. Nc3 Qb6 13. e3 O-O 14. a4 b4 15. a5
Qc7 16. Ne2 Bd5 17. Qc2 Qb7 18. Ne1 Bxg2 19. Nxg2 Rac8 20. Qb3 Ne5 21. Ne1 Nf3+
22. Nxf3 Qxf3 23. Nd4 Bxd4 24. Rxd4 Ne4 25. Rxe4 Qxe4 26. Bd2 Rc2 27. Qxb4 Qf3
28. Rf1 Rd8 29. Bc3 h5 30. Qa4 Rxf2 31. Rxf2 Rd1+ 32. Qxd1 Qxd1+ 33. Kg2 Qd5+
34. Kf1 e5 35. Ke2 e4 36. Kf1 Qd1+ 37. Kg2 Qd3 38. Bd4 Qb5 39. Bc3 Qc5 40. Re2
g5 41. h3 Kh7 42. Rf2 f5 43. Re2 Kg6 44. h4 gxh4 45. gxh4 f4 46. exf4 Kf5 47.
Re1 Qd5 48. Re2 Qd3 49. Rd2 Qf3+ 50. Kg1 e3 51. Rd6 Qg3+ 52. Kh1 Qxh4+ 53. Kg2
Qg4+ 54. Kh1 Qh3+ 55. Kg1 Qg3+ 56. Kh1 e2 57. Rd5+ Ke4 58. Rd4+ 0-1

[Event "World Rapid Team 2023"]
[Site "Dusseldorf GER"]
[Date "2023.08.28"]
[Round "10.12"]
[Board "3"]
[White "Solomon, Kenny"]
[Black "Leonard, Timo"]
[Result "1-0"]
[WhiteTitle "GM"]
[WhiteElo "2324"]
[BlackElo "2223"]
[WhiteTeam "Africa"]
[BlackTeam "Wensing & Poebel"]
[WhiteFideId "14300192"]
[BlackFideId "16208757"]
[EventDate "2023.08.26"]

1. e4 e6 2. d4 d5 3. Nc3 Nf6 4. e5 Nfd7 5. f4 c5 6. Nf3 Nc6 7. Be3 cxd4 8. Nxd4
Qb6 9. Qd2 Qxb2 10. Rb1 Qa3 11. Bb5 Nxd4 12. Bxd4 a6 13. Bxd7+ Bxd7 14. Rb3 Qe7
15. Rxb7 Qd8 16. Bb6 Qh4+ 17. Bf2 Qg4 18. O-O Rc8 19. Rfb1 Qf5 20. Rb8 Be7 21.
R1b7 Rxb8 22. Rxb8+ Bd8 23. Bb6 O-O 24. Rxd8 Rxd8 25. Bxd8 Bb5 26. Nxb5 axb5 27.
Bb6 Qe4 28. Bd4 h5 29. h3 g6 30. a3 Kh7 31. Kf2 Kg7 32. Kg3 Kh7 33. Kh2 Kg7 34.
Qf2 Kh7 35. c3 Kg8 36. Bc5 Qc4 37. Bb4 Qe4 38. Qd4 Qf5 39. Be7 Kh7 40. Bg5 Qc2
41. Qa7 Qf5 42. Qe7 1-0

[Event "World Rapid Team 2023"]
[Site "Dusseldorf GER"]
[Date "2023.08.28"]
[Round "10.12"]
[Board "4"]
[White "Garbuz, Vitaliy"]
[Black "Moueden, Mohamed Amine"]
[Result "1-0"]
[WhiteElo "2154"]
[BlackElo "1953"]
[WhiteTeam "Wensing & Poebel"]
[BlackTeam "Africa"]
[WhiteFideId "12990710"]
[BlackFideId "7902018"]
[EventDate "2023.08.26"]

1. e4 e5 2. Nf3 Nf6 3. Nc3 Nc6 4. d4 exd4 5. Nd5 h6 6. Bf4 d6 7. Nxd4 Nxd4 8.
Qxd4 Nxd5 9. exd5 Be7 10. Bb5+ Kf8 11. O-O-O Bf6 12. Qa4 g5 13. Be3 Bf5 14. Bd3
b5 15. Bxb5 Rb8 16. Bxa7 Rb7 17. Bd4 Kg7 18. Bc6 Rb8 19. Bxf6+ Qxf6 20. Qd4 Rb6
21. b4 Kg6 22. Qxf6+ Kxf6 23. b5 Rbb8 24. a4 Bc8 25. c4 Bb7 26. a5 Bxc6 27. dxc6
Rhe8 28. Rhe1 Re5 29. Rxe5 Kxe5 30. Kc2 f5 31. a6 Rf8 32. Kc3 h5 33. Kb4 f4 34.
f3 g4 35. Rd5+ Ke6 36. Ka5 gxf3 37. gxf3 Rg8 38. b6 cxb6+ 39. Kxb6 Rg1 40. a7 1-0

[Event "World Rapid Team 2023"]
[Site "Dusseldorf GER"]
[Date "2023.08.28"]
[Round "10.12"]
[Board "5"]
[White "February, Jesse Nikki"]
[Black "Kesselmeier, Kevin"]
[Result "1-0"]
[WhiteTitle "WIM"]
[WhiteElo "1849"]
[BlackElo "2011"]
[WhiteTeam "Africa"]
[BlackTeam "Wensing & Poebel"]
[WhiteFideId "14312336"]
[BlackFideId "16217551"]
[EventDate "2023.08.26"]

1. d4 d5 2. Nf3 Nf6 3. Bg5 e6 4. e3 Be7 5. Bd3 O-O 6. Nbd2 c5 7. c3 Nc6 8. Qe2
Nd7 9. Bf4 f5 10. h4 Qe8 11. Ng5 Nf6 12. O-O-O a6 13. dxc5 e5 14. Bg3 h6 15. Nb3
hxg5 16. hxg5 Ne4 17. Bxe4 dxe4 18. f4 exf3 19. gxf3 Qg6 20. f4 e4 21. Rh3 Be6
22. Rdh1 Rfd8 23. Kb1 Kf7 24. Nd4 Nxd4 25. cxd4 b6 26. c6 1-0

[Event "World Rapid Team 2023"]
[Site "Dusseldorf GER"]
[Date "2023.08.28"]
[Round "10.12"]
[Board "6"]
[White "Moeller, Lisa-Marie"]
[Black "Odiah, Isaac Babu"]
[Result "1-0"]
[WhiteElo "1899"]
[BlackElo "1893"]
[WhiteTeam "Wensing & Poebel"]
[BlackTeam "Africa"]
[WhiteFideId "12959367"]
[BlackFideId "10800549"]
[EventDate "2023.08.26"]

1. e4 c5 2. Nf3 Nc6 3. Bb5 d6 4. Bxc6+ bxc6 5. O-O e5 6. h3 Nf6 7. Re1 Be7 8. c3
Qc7 9. d4 cxd4 10. cxd4 exd4 11. Nxd4 O-O 12. Qc2 c5 13. Nb5 Qc6 14. N1c3 a6 15.
Na3 Be6 16. Bf4 Nd7 17. Nd5 Bf6 18. Rad1 Bxd5 19. Rxd5 Ne5 20. Red1 Rad8 21. b3
Rfe8 22. Nc4 Be7 23. Nxe5 dxe5 24. Bxe5 Rxd5 25. Rxd5 f6 26. Bd4 Qe6 27. Bxc5
Bxc5 28. Rxc5 Qxe4 29. Qxe4 Rxe4 30. Rc6 a5 31. Ra6 Re5 32. Kf1 Kf7 33. f3 Kg6
34. Kf2 h5 35. f4 Rd5 36. Ke3 Rc5 37. Kd4 Rb5 38. g3 Rf5 39. Ke4 Rb5 40. g4 hxg4
41. hxg4 Rc5 42. g5 Rf5 43. gxf6 gxf6 44. Rb6 Rc5 45. a4 Rf5 46. Rb5 1-0

[Event "World Rapid Team 2023"]
[Site "Dusseldorf GER"]
[Date "2023.08.28"]
[Round "10.13"]
[Board "1"]
[White "Yelisieiev, Yevhenii"]
[Black "Van Dael, Siem"]
[Result "1-0"]
[WhiteTitle "IM"]
[BlackTitle "FM"]
[WhiteElo "2401"]
[BlackElo "2285"]
[WhiteTeam "Deutsche Schachjugend 1"]
[BlackTeam "Blerickse Schaakvereniging"]
[WhiteFideId "14139642"]
[BlackFideId "1049771"]
[EventDate "2023.08.26"]

1. d4 Nf6 2. Nf3 g6 3. g3 Bg7 4. Bg2 O-O 5. O-O d6 6. b3 Ne4 7. Bb2 c5 8. c4 Nc6
9. e3 a6 10. Qe2 Rb8 11. Rd1 cxd4 12. exd4 Nf6 13. d5 Na7 14. a4 b6 15. h3 Bd7
16. Bd4 Nc8 17. Nc3 e5 18. dxe6 fxe6 19. Ng5 e5 20. Be3 h6 21. Nge4 Nxe4 22.
Nxe4 Qc7 23. Qd2 Kh7 24. Nxd6 Bc6 25. Bxc6 Qxc6 26. Qd5 Qc7 27. Ne4 Ne7 28. Qe6
Nf5 29. Rd7 Qc8 30. Rad1 Rb7 31. g4 Rxd7 32. Rxd7 Nxe3 33. Qe7 1-0

[Event "World Rapid Team 2023"]
[Site "Dusseldorf GER"]
[Date "2023.08.28"]
[Round "10.13"]
[Board "2"]
[White "Heinert, Eugen"]
[Black "Colbow, Collin"]
[Result "1-0"]
[BlackTitle "FM"]
[WhiteElo "2121"]
[BlackElo "2409"]
[WhiteTeam "Blerickse Schaakvereniging"]
[BlackTeam "Deutsche Schachjugend 1"]
[WhiteFideId "24621390"]
[BlackFideId "16201132"]
[EventDate "2023.08.26"]

1. c4 e6 2. Nf3 Nf6 3. g3 d5 4. Bg2 d4 5. e3 c5 6. exd4 cxd4 7. O-O Nc6 8. d3
Bd6 9. Bg5 h6 10. Bxf6 gxf6 11. Na3 Be7 12. Nc2 a5 13. a3 a4 14. Nb4 Bd7 15. Qd2
Qb6 16. Nxc6 bxc6 17. c5 Qxc5 18. Rac1 Qb6 19. Rc4 e5 20. Rfc1 Rb8 21. R4c2 c5
22. Qe2 h5 23. Nh4 Qe6 24. Be4 Qg4 25. Bf3 Qg5 26. Qf1 f5 27. Qe2 f6 28. Re1 Kf8
29. Kh1 Bd6 30. Bg2 Kg7 31. Bh3 Bc6+ 32. Kg1 Bd7 33. Qf3 Rb3 34. Bxf5 Rd8 35.
Qe4 Rb6 36. Bxd7 Rxd7 37. Nf5+ Kh8 38. f4 Qg6 39. Nxd6 Qxe4 40. Nxe4 c4 41. dxc4
d3 42. Rd2 Rd4 43. fxe5 fxe5 44. c5 Re6 45. Re3 Kg7 46. Rdxd3 Rc4 47. Rc3 Rd4
48. c6 Re8 49. c7 Rc8 50. Ng5 Kf6 51. Nf3 Rd7 52. Rc6+ Kg7 53. Ng5 Rd1+ 54. Kg2
Rd2+ 55. Kh3 Rd5 56. Re4 Rb5 57. Rb4 1-0

[Event "World Rapid Team 2023"]
[Site "Dusseldorf GER"]
[Date "2023.08.28"]
[Round "10.13"]
[Board "3"]
[White "Gloeckler, Christian"]
[Black "Gramb, Marius"]
[Result "1-0"]
[WhiteTitle "FM"]
[WhiteElo "2318"]
[BlackElo "2219"]
[WhiteTeam "Deutsche Schachjugend 1"]
[BlackTeam "Blerickse Schaakvereniging"]
[WhiteFideId "34608966"]
[BlackFideId "24656593"]
[EventDate "2023.08.26"]

1. e4 c5 2. Nf3 d6 3. d4 cxd4 4. Nxd4 Nf6 5. Nc3 a6 6. f3 e5 7. Nb3 Be6 8. Be3
d5 9. exd5 Bxd5 10. Bg5 Bxb3 11. Qxd8+ Kxd8 12. axb3 Nd7 13. Bc4 Ke8 14. O-O Bb4
15. Nd5 Nxd5 16. Bxd5 Rb8 17. Rad1 f6 18. Bh4 Ke7 19. c3 Bc5+ 20. Kh1 g5 21. Bg3
h5 22. h4 gxh4 23. Bxh4 Nf8 24. Be4 Ne6 25. Rd5 Kf7 26. f4 exf4 27. Bf5 b6 28.
Rd7+ Be7 29. Re1 Rhd8 30. Bxe6+ Kf8 31. Ra7 a5 32. Bc4 Re8 33. Bb5 Ra8 34. Rexe7
Rxe7 35. Rxa8+ Kg7 36. Re8 1-0

[Event "World Rapid Team 2023"]
[Site "Dusseldorf GER"]
[Date "2023.08.28"]
[Round "10.13"]
[Board "4"]
[White "Bergmans, Dirk"]
[Black "Haug, Havard"]
[Result "0-1"]
[BlackTitle "CM"]
[WhiteElo "2015"]
[BlackElo "2199"]
[WhiteTeam "Blerickse Schaakvereniging"]
[BlackTeam "Deutsche Schachjugend 1"]
[WhiteFideId "1042327"]
[BlackFideId "1547887"]
[EventDate "2023.08.26"]

1. b3 d5 2. Bb2 c5 3. f4 Nc6 4. Nf3 e6 5. e3 Nf6 6. Bb5 Bd7 7. O-O Bd6 8. d3 O-O
9. Nbd2 Nb8 10. Bxd7 Nbxd7 11. Qe1 Qe7 12. Qg3 Rae8 13. Be5 Bxe5 14. fxe5 Nh5
15. Qh3 g6 16. g4 Ng7 17. Qh6 f6 18. exf6 Rxf6 19. Ng5 Nf5 20. gxf5 gxf5 21. Qh5
Rg6 22. Kh1 Qxg5 23. Qh3 Ne5 24. Rae1 Kh8 25. Rg1 Ng4 26. Nf3 Nf2# 0-1